| 000 | 00689nam a2200205 i 4500 | ||
|---|---|---|---|
| 001 | 47917 | ||
| 003 | ES-MaACL | ||
| 005 | 20230906161649.0 | ||
| 007 | t| | ||
| 008 | 030625s2002 sp ao |||| | spa d | ||
| 020 | _a84-607-5434-0 | ||
| 080 | _a640.43/44(464.1 M.) | ||
| 080 | _a008(464.1 M.) | ||
| 100 | 1 |
_aGranados Valdés, Antonio. _959565 |
|
| 245 | 1 | 0 |
_aDe Gijón al Café Gijón _b: 1949-2001 / _cAntonio Granados Valdés. |
| 260 |
_a[S.l. : _bs.n., _c2002] ( _eCoslada, Madrid : _fZafiro Artes Gráf.) |
||
| 300 |
_a254, [9] p. : _bil., fot. ; _c24 cm. |
||
| 610 | 2 | 7 |
_aCafé Gijón (Madrid)- _vHistoria. _92270 |
| 852 |
_aES-MaACL _jL-26416 _z. - Dedicatoria autógrafa del autor |
||
| 999 |
_c47917 _d47917 |
||